00413nam a2200145Ia 4500003000400000008004100004040001600045082001900061100002200080245005200102260006100154300001100215490000500226650003600231GCL140319s9999 xx 000 0 ara d aGCL / cGCL04a273.104bف ا1 aفايز فارس10aالهى.. مااعظمك / cفايز فارس a[S.N] : bدار الثقافة العربية ، c1986 a192 ص a04aالعقيدة المسيحية